[Event "Wuerttemberg-ch"]
[Site "Willsbach"]
[Date "1997.??.??"]
[Round "5"]
[White "Rist, Manfred"]
[Black "Brodbeck, Stefan"]
[Result "1-0"]
[WhiteElo "2195"]
[BlackElo "2110"]

1.d4 Nf6 2.c4 g6 3.Nc3 Bg7 4.e4 d6 5.Be2 O-O 6.Nf3 e5 7.O-O exd4 8.Nxd4 Re8
9.f3 Nc6 10.Be3 Nh5 11.Nxc6 bxc6 12.Qd2 c5 13.Rad1 Bb7 14.Rfe1 Be5 15.Bf1 Qf6
16.Ne2 a5 17.b3 Bc6 18.Bg5 Qh8 19.g4 Nf6 20.Bg2 Re6 21.h3 h5 22.f4 Bd4+ 23.Nxd4 cxd4
24.e5 dxe5 25.f5 Rd6 26.fxg6 fxg6 27.Bxc6 Rxc6 28.Rxe5 Nxg4 29.Re7 Ne5 30.Qg2 Rca6
31.Qd5+ Kf8 32.Rf1+  1-0

[Event "Wuerttemberg-ch"]
[Site "Willsbach"]
[Date "1997.??.??"]
[Round "9"]
[White "Berezovsky, Igor"]
[Black "Duppel, Matthias"]
[Result "1-0"]
[WhiteElo "2325"]
[BlackElo "2315"]

1.d4 Nf6 2.c4 g6 3.Nc3 Bg7 4.e4 d6 5.Nf3 O-O 6.Be2 e5 7.Be3 c6 8.Qd2 Qe7
9.Bg5 Re8 10.d5 Na6 11.Qc2 h6 12.Bh4 Qf8 13.Nd2 Nh7 14.f3 c5 15.a3 f5 16.Rb1 Bf6
17.Bf2 Bg5 18.b4 b6 19.O-O h5 20.Nb5 Qe7 21.Rb2 Nf6 22.Bd3 Bxd2 23.Qxd2 f4
24.Bh4 Rf8 25.Kh1 Kh7 26.g3 fxg3 27.hxg3 Nc7 28.Nc3 Qg7 29.Kg2 Rf7 30.bxc5 bxc5
31.Rh1 Kg8 32.Bg5 Kh7 33.Be2 Nce8 34.Rhb1 Rc7 35.Kh2 Qd7 36.Bf1 Qf7 37.Bg2 Rb7
38.Rxb7 Bxb7 39.Qb2 Bc8 40.Qb5 Qc7 41.Qc6 Qxc6 42.dxc6  1-0

[Event "RLPF-chA"]
[Site "Wittlich"]
[Date "1997.??.??"]
[Round "?"]
[White "Moeldner, Juergen"]
[Black "Stewart, Neil"]
[Result "1/2-1/2"]
[WhiteElo "2265"]
[BlackElo "2295"]

1.d4 Nf6 2.c4 g6 3.Nc3 Bg7 4.e4 d6 5.Nf3 O-O 6.Be2 e5 7.O-O exd4 8.Nxd4 Re8
9.f3 c6 10.Nb3 Na6 11.Bf4 d5 12.cxd5 cxd5 13.Bxa6 bxa6 14.exd5 Bb7 15.Bg5 h6
16.Bxf6 Bxf6 17.Qd2 Bg5 18.f4 Bf6 19.Rad1 Qb6+ 20.Qf2 Rad8 21.Nc5  1/2-1/2

[Event "Oberliga Wuert9697"]
[Site "Wuerttemberg"]
[Date "1997.??.??"]
[Round "?"]
[White "Trachtmann, Mark"]
[Black "Warthmann, Ralf"]
[Result "1-0"]
[WhiteElo "2290"]
[BlackElo "2185"]

1.d4 Nf6 2.c4 g6 3.Nc3 Bg7 4.e4 d6 5.Be2 O-O 6.Nf3 e5 7.O-O exd4 8.Nxd4 Re8
9.f3 c6 10.Kh1 Na6 11.Nb3 Be6 12.Bf4 d5 13.cxd5 cxd5 14.Bg5 h6 15.Bxf6 Bxf6
16.exd5 Bxc3 17.dxe6 Bxb2 18.exf7+ Kxf7 19.Rb1 Bf6 20.Bxa6 bxa6 21.Nc5 Qxd1
22.Rfxd1 Re2 23.Rb7+ Be7 24.Ne4 Rd8 25.Rc1 Rc2 26.Rcb1 Rxa2 27.h3 Rd5 28.Nc3  1-0

[Event "Oberliga Wuert9697"]
[Site "Wuerttemberg"]
[Date "1997.??.??"]
[Round "?"]
[White "Lang, Marc"]
[Black "Ott, Frank"]
[Result "1-0"]
[WhiteElo "2310"]
[BlackElo "2245"]

1.d4 Nf6 2.Nf3 g6 3.c4 Bg7 4.Nc3 O-O 5.e4 d6 6.Be2 e5 7.d5 a5 8.Bg5 h6 9.Be3 Ng4
10.Bc1 f5 11.exf5 gxf5 12.g3 Qe8 13.Nh4 e4 14.Bxg4 fxg4 15.O-O Na6 16.Be3 Nb4
17.Qd2 Kh7 18.Rad1 Nd3 19.Qc2 a4 20.Nxe4 Qxe4 21.Rxd3 Bxb2 22.Bxh6 Kxh6 23.Qd2+ Kh5
24.Re3 Qd4 25.Qc2 Qf6 26.Re7 Rh8 27.Rh7+ Rxh7 28.Qxh7+ Qh6 29.Qf7+ Kg5 30.f4+ gxf3
31.Qf4+ Kh5 32.Qxf3+ Kg5 33.Qf4+ Kh5 34.Qf7+ Kg4 35.Qf3+ Kg5 36.Qe3+ Kh5
37.Qe2+ Kg5 38.Qxb2 Bh3 39.Qd2+ Kh5 40.Qe2+ Kg5 41.Qe7+ Kh5 42.Qf7+ Kg5 43.Rf5+ Kg4
44.Rf4+  1-0

[Event "Zadar op"]
[Site "Zadar"]
[Date "1997.??.??"]
[Round "5"]
[White "Franic, Milan"]
[Black "Fercec, Nenad"]
[Result "1-0"]
[WhiteElo "2425"]
[BlackElo "2450"]

1.d4 Nf6 2.c4 g6 3.Nc3 Bg7 4.e4 d6 5.Nf3 O-O 6.Be2 e5 7.O-O Qe8 8.dxe5 dxe5
9.b4 Qe7 10.b5 Nbd7 11.a4 Nc5 12.Ba3 c6 13.Nd2 a5 14.Nb3 Nfd7 15.Bf3 Re8
16.Bg4 f5 17.Bh3 Qf7 18.Bxc5 Qxc4 19.Ba3 Nf6 20.Rc1 Nxe4 21.Nxe4 Qxe4 22.Nc5 Qh4
23.Qb3+ Kh8 24.Rc4 Qf6 25.bxc6 bxc6 26.Bb2 g5 27.g3 Qh6 28.Bg2 f4 29.Qc2 Rb8
30.Ba1 g4 31.Re1 f3 32.Bf1 Qh5 33.h4 gxh3 34.Rh4 Bf5 35.Bd3 h2+ 36.Kxh2  1-0

[Event "Zadar op"]
[Site "Zadar"]
[Date "1997.??.??"]
[Round "8"]
[White "Cebalo, Miso"]
[Black "Nikolac, Juraj"]
[Result "1-0"]
[WhiteElo "2485"]
[BlackElo "2470"]

1.Nf3 Nf6 2.c4 g6 3.Nc3 Bg7 4.e4 d6 5.d4 O-O 6.Be2 Na6 7.O-O e5 8.Be3 Ng4
9.Bg5 Qe8 10.dxe5 h6 11.Bd2 dxe5 12.h3 Nf6 13.Be3 b6 14.a3 Bb7 15.Qc2 c6
16.b4 Nc7 17.c5 b5 18.Rad1 Qe7 19.Nd2 Ne6 20.Nb3 Rfd8 21.Bd3 Rac8 22.Ne2 Rc7
23.Qb1 Bc8 24.Bc2 Nh5 25.Rxd8+ Qxd8 26.Rd1 Qh4 27.Nd2 Nhf4 28.Nxf4 exf4 29.Nf3 Qf6
30.e5 Qe7 31.Bc1 Ng5 32.Bxf4 Nxf3+ 33.gxf3 Bxe5 34.Re1 f6 35.Bg3 Qg7 36.f4 Bc3
37.Qb3+  1-0

[Event "Zagreb"]
[Site "Zagreb"]
[Date "1997.??.??"]
[Round "4"]
[White "Jelen, Igor"]
[Black "Suskovic, Matija"]
[Result "0-1"]
[WhiteElo "2405"]
[BlackElo "2120"]

1.d4 Nf6 2.c4 g6 3.Nc3 Bg7 4.e4 d6 5.Nf3 O-O 6.Be2 e5 7.O-O Na6 8.Re1 Qe8
9.d5 Nc5 10.Bf1 a5 11.h3 Nfd7 12.Nh2 f5 13.exf5 gxf5 14.f4 Qg6 15.Nf3 e4
16.Nd4 Nd3 17.Ne6 Nxe1 18.Nxf8 Qg3  0-1

[Event "Zagreb op"]
[Site "Zagreb"]
[Date "1997.??.??"]
[Round "8"]
[White "Sitnik, Igor"]
[Black "Ljubicic, Filip"]
[Result "1-0"]
[WhiteElo "2225"]
[BlackElo "2350"]

1.d4 Nf6 2.c4 g6 3.Nc3 Bg7 4.e4 d6 5.Nf3 O-O 6.Be2 Na6 7.O-O e5 8.Be3 Ng4
9.Bg5 f6 10.Bh4 Qe8 11.c5 exd4 12.Nxd4 dxc5 13.Nb3 Ne5 14.Bxa6 bxa6 15.Nxc5 Rb8
16.b3 f5 17.Re1 Rb4 18.f3 c6 19.Bf2 Rf7 20.Qd2 a5 21.Red1 Rf8 22.h3 fxe4
23.N3xe4 Bxh3 24.a3 Rb8 25.f4 Bh6 26.Be3 Bg4 27.fxe5 Rd8 28.Nd6 Bxe3+ 29.Qxe3  1-0

[Event "Zagreb op"]
[Site "Zagreb"]
[Date "1997.??.??"]
[Round "8"]
[White "Loncar, Robert"]
[Black "Njirjak, Josip"]
[Result "0-1"]
[WhiteElo "2390"]
[BlackElo "2195"]

1.Nf3 Nf6 2.c4 g6 3.Nc3 Bg7 4.e4 d6 5.d4 O-O 6.Be2 e5 7.d5 a5 8.Bg5 h6 9.Bh4 Na6
10.Nd2 Qe8 11.O-O Bd7 12.Kh1 Nh7 13.a3 h5 14.f3 Bh6 15.Qc2 f5 16.exf5 gxf5
17.b3 Qg6 18.Qb2 Rf7 19.b4 Rg7 20.g3 axb4 21.axb4 Re8 22.c5 Bg5 23.Bxg5 Nxg5
24.c6 bxc6 25.dxc6 Bxc6 26.Rxa6 h4 27.g4 fxg4 28.Rxc6 g3 29.hxg3 hxg3 30.Kg2 Rh7
31.Rg1 Rh2+ 32.Kf1 Nh3 33.Bc4+ Kh8 34.Ne2 g2+ 35.Ke1 Rh1 36.Bf7 Qxf7 37.Rc4 Nxg1
38.Nxg1 Rxg1+ 39.Kf2 Qh5 40.Rg4 Rg8 41.Rxg8+ Kxg8 42.Qa2+ Kg7 43.Qe6 Qh4+
44.Ke2 Re1+ 45.Kd3 Qd4+ 46.Kc2 Rc1+ 47.Kb3 Rc3+ 48.Ka2  0-1

[Event "Zagreb"]
[Site "Zagreb"]
[Date "1997.??.??"]
[Round "8"]
[White "Dumitrache, Dragos"]
[Black "Mihalincic, Tomislav"]
[Result "1/2-1/2"]
[WhiteElo "2495"]
[BlackElo "2120"]

1.d4 Nf6 2.c4 g6 3.Nc3 Bg7 4.e4 d6 5.Be2 O-O 6.Nf3 e5 7.O-O Na6 8.Re1 Qe8
9.Bf1 Bg4 10.d5 Nb4 11.Be2 a5 12.Rb1 Na6 13.Be3 b6 14.b3 Nc5 15.Nd2 h5 16.Qc2 Bxe2
17.Rxe2 Ng4 18.Bxc5 bxc5 19.h3 Nf6 20.a3 Bh6 21.Nf3 Kg7 22.Qd1 Qe7 23.Reb2 Rfb8
24.Ne1 Nd7 25.Nd3 Nb6 26.Ne1 Rf8 27.Qe2 Qg5 28.Nb5 Rfc8 29.Nf3 Qe7 30.Nc3 Rcb8
31.Ne1 Rc8 32.b4 axb4 33.axb4 cxb4 34.Rxb4 Qg5 35.Nf3 Qf6 36.R4b2 Nd7 37.Ne1 Nc5
38.Nd3 Ra3 39.Nxc5 Rxc3 40.Na4 Rc1+ 41.Rxc1 Bxc1 42.Rb1 Bh6 43.Nc3 Ra8 44.Nb5 Qe7
45.Qc2 Kh7 46.Nc3 Qg5 47.Nb5 Qe7 48.Qb2 Ra4 49.Qb3 Ra8 50.Qc2 Kg7 51.Kh2 h4
52.Kg1 Kh7 53.Rd1 Kg7 54.Qc3 Ra2 55.Qb3 Ra8 56.Nc3 Qf6 57.Qb7 Ra3 58.Qb2 Ra8
59.Nb5 Qe7 60.Ra1 Rxa1+ 61.Qxa1 Bd2 62.Qa7 Bb4 63.Nxc7 Kh7 64.Nb5 Qf6 65.Qe3 Bc5
66.Qf3 Qe7 67.Nc3 Kg7 68.Nd1 Qc7 69.Kh2 Bd4 70.Qd3 Qa5 71.Qe2 Qb4 72.Ne3 Qb1
73.Nc2 Bc5 74.Ne1 Qc1 75.Nf3 Qf4+ 76.Kg1 Qc1+ 77.Kh2 Qf4+  1/2-1/2

[Event "Zagreb"]
[Site "Zagreb"]
[Date "1997.??.??"]
[Round "11"]
[White "Suskovic, Matija"]
[Black "Biti, Ozren"]
[Result "1/2-1/2"]
[WhiteElo "2120"]
[BlackElo "2135"]

1.d4 g6 2.c4 Bg7 3.Nc3 d6 4.e4 Nf6 5.Be2 O-O 6.Nf3 e5 7.dxe5 dxe5 8.Qxd8 Rxd8
9.Bg5 Re8 10.Nd5 Nxd5 11.cxd5 c6 12.Bc4 cxd5 13.Bxd5 Nd7  1/2-1/2

[Event "Zillertal op"]
[Site "Zillertal"]
[Date "1997.??.??"]
[Round "9"]
[White "Piven, Igor"]
[Black "Hausner, Ivan"]
[Result "1/2-1/2"]
[WhiteElo "2345"]
[BlackElo "2440"]

1.d4 Nf6 2.Nf3 d6 3.c4 g6 4.Nc3 Bg7 5.e4 O-O 6.Be2 e5 7.dxe5 dxe5 8.Qxd8 Rxd8
9.Bg5 Re8 10.Nd5 Nxd5 11.cxd5  1/2-1/2

[Event "Weihnachts op-M 21th"]
[Site "Zuerich"]
[Date "1997.??.??"]
[Round "?"]
[White "Benz, Rolf"]
[Black "Weindl, Alfred"]
[Result "0-1"]
[WhiteElo "2140"]
[BlackElo "2335"]

1.d4 Nf6 2.Nf3 g6 3.c4 Bg7 4.Nc3 O-O 5.e4 d6 6.Be2 e5 7.dxe5 dxe5 8.Qxd8 Rxd8
9.Bg5 Nbd7 10.O-O-O Rf8 11.Nd2 c6 12.Be3 Re8 13.f3 Bf8 14.Nb3 Nh5 15.g3 Ng7
16.a3 Ne6 17.Na4 b6 18.Nc3 Ndc5 19.Nxc5 Bxc5 20.Bxc5 Nxc5 21.b4 Nb3+ 22.Kb2 Nd4
23.Rd2 Be6 24.b5 Nxe2 25.Nxe2 Bxc4 26.bxc6 Rac8 27.Rc1 b5 28.Nc3 Rxc6 29.Nd5 Kg7
30.Ne3 Re7 31.Rdc2 Rb7 32.f4 exf4 33.gxf4 Rd6 34.Nxc4 bxc4+ 35.Kc3 Rd3+ 36.Kxc4 Rxa3
37.Kd4 Rd7+ 38.Ke5 Rad3 39.f5 f6+ 40.Kf4 g5+ 41.Kg4 Re3 42.Rc4 Re7  0-1

[Event "Weihnachts op-M 21th"]
[Site "Zuerich"]
[Date "1997.??.??"]
[Round "?"]
[White "Tukmakov, Vladimir B"]
[Black "Schmid, Michael"]
[Result "1-0"]
[WhiteElo "2575"]
[BlackElo "2240"]

1.d4 Nf6 2.Nf3 g6 3.c4 Bg7 4.Nc3 d6 5.e4 O-O 6.Be2 Nbd7 7.O-O e5 8.Re1 c6
9.Bf1 Qc7 10.Rb1 Re8 11.d5 c5 12.a3 Qd8 13.b4 h6 14.Bd2 Kh7 15.Qc2 Rg8 16.Rb2 Nh5
17.Reb1 Qe7 18.Ne1 b6 19.Nd3 Nf8 20.bxc5 bxc5 21.Qa4 Bd7 22.Qa6 f5 23.Rb7 Nf4
24.Nxf4 exf4 25.exf5 gxf5 26.Re1 Qf6 27.Nb5 Bxb5 28.Qxb5 Ng6 29.Re6 Qg5 30.Bc3 Ne5
31.Bxe5 dxe5 32.Rxe5 Kh8 33.Qd7 Raf8 34.Rxa7 f3 35.g3 Qg6 36.Re6 Qg5 37.Qd6 Kh7
38.a4 f4 39.Bd3+ Kh8 40.Rxh6+ Qxh6 41.Qxh6+ Bxh6 42.Rh7+  1-0

[Event "Weihnachts op-M 21th"]
[Site "Zuerich"]
[Date "1997.??.??"]
[Round "?"]
[White "Pelletier, Yannick"]
[Black "Weindl, Alfred"]
[Result "1-0"]
[WhiteElo "2465"]
[BlackElo "2335"]

1.Nf3 Nf6 2.c4 g6 3.Nc3 Bg7 4.e4 d6 5.d4 O-O 6.Be2 e5 7.O-O Nbd7 8.Be3 Ng4
9.Bg5 f6 10.Bd2 Nh6 11.dxe5 dxe5 12.b4 c6 13.Qb3 Kh8 14.Rad1 Qe7 15.h3 Nf7
16.Rfe1 Re8 17.Be3 Bh6 18.Rd2 Bxe3 19.fxe3 Nf8 20.c5 Be6 21.Bc4 Bxc4 22.Qxc4 Qe6
23.Qxe6 Rxe6 24.Rb1 Re7 25.b5 Ne6 26.bxc6 bxc6 27.Na4 Rd8 28.Kf1 Kg7 29.Ke2 Rxd2+
30.Nxd2 Nfd8 31.Rb8 Rb7 32.Rxb7+ Nxb7 33.Nb3 Kf7 34.Kd3 Ke7 35.Kc4 Kd7 36.Nb2 Ng5
37.Nd2 Ne6 38.Nd3 Kc7 39.Nf3 Kd7 40.h4 h5 41.Nh2 g5 42.g3 gxh4 43.gxh4 Ng7
44.Nf1 Ke6 45.Nb4 Na5+ 46.Kd3 f5 47.Ng3 f4 48.Ne2 f3 49.Ng3 Kf6 50.Kc3 Nb7
51.Nd3 Ke6 52.Kc4 Kf6 53.Ne1 Ne6 54.Nd3 Ng7 55.a3 Na5+ 56.Kc3 Nb7 57.Kb4 Ke6
58.Ne1 f2 59.Nd3 Kf6 60.Nxf2 Ke6 61.Nd3 Kf6 62.Kc4 Na5+ 63.Kc3 Nb7 64.Kb4 Ke6
65.Nc1 Kf6 66.Nb3 Ke6 67.Na5 Nd8 68.Kc4 Kf6 69.Kc3 Ke6 70.Kb4 Kf6 71.Nc4 Ke6
72.Nd6 Kd7 73.Ndf5 Nde6 74.Kc4 a5 75.a4  1-0

[Event "Rishon Le Ziyyon 9798"]
[Site "Rishon Le Ziyyon"]
[Date "1998.01.02"]
[Round "9"]
[White "Bitansky, Igor"]
[Black "Mittelman, Gur"]
[Result "1/2-1/2"]
[WhiteElo "2165"]
[BlackElo "2415"]

1.Nf3 Nf6 2.c4 g6 3.Nc3 Bg7 4.d4 O-O 5.e4 d6 6.Be2 e5 7.dxe5 dxe5 8.Qxd8 Rxd8
9.Bg5 Re8 10.Nd5 Nxd5 11.cxd5 c6 12.Bc4 cxd5 13.Bxd5 Nd7 14.O-O h6 15.Bh4 Nb6
16.Bb3 Bd7 17.Nd2 Rac8 18.Rfd1 Be6  1/2-1/2

[Event "Pamplona 9798"]
[Site "Pamplona"]
[Date "1998.01.03"]
[Round "7"]
[White "Bacrot, Etienne"]
[Black "Strikovic, Aleksa"]
[Result "1/2-1/2"]
[WhiteElo "2545"]
[BlackElo "2560"]

1.d4 Nf6 2.Nf3 g6 3.c4 Bg7 4.Nc3 O-O 5.e4 d6 6.Be2 e5 7.O-O Nbd7 8.Qc2 c6
9.Rd1 Re8 10.d5 Qc7 11.Be3 a5 12.a3 a4 13.Nd2 Bf8 14.Rdc1 Qa5 15.Bd1 cxd5
16.cxd5 Nc5 17.b4 axb3 18.Nxb3 Nxb3 19.Qxb3 Nxe4 20.Bb6 Nc5 21.Qb5 Qxb5 22.Nxb5 Na6
23.Bc7 Bh6 24.Rc4 Bf8 25.h3 Bf5 26.Nxd6 Nxc7 27.Nxf5 Nxd5 28.Ng3 Rxa3 29.Rxa3 Bxa3
30.Bf3 Rd8 31.Rc2 Nf4 32.Bxb7 f5 33.Nf1 e4 34.f3 Rb8 35.Bc6 exf3 36.Bxf3 Nd3
37.Be2 Bc5+ 38.Kh2 Bd6+ 39.g3 Nb4 40.Rd2 Bc5 41.Kg2 Rb7 42.g4 f4 43.g5 Kf7
44.Kf3 Ke6 45.Kxf4 Nd5+ 46.Kg3 Bd6+ 47.Kf2 Rf7+ 48.Kg1 Bf4 49.Rd1 Rc7 50.Bg4+ Ke5
51.Re1+ Kd4 52.Bf3 Nc3 53.h4  1/2-1/2

[Event "Zagreb op"]
[Site "Zagreb"]
[Date "1998.01.06"]
[Round "4"]
[White "Teofilovic, Vjeran"]
[Black "Rezan, Sasa"]
[Result "1/2-1/2"]
[WhiteElo "2125"]
[BlackElo "2265"]

1.d4 Nf6 2.Nf3 g6 3.c4 Bg7 4.Nc3 O-O 5.e4 d6 6.Be2 e5 7.d5 a5 8.Bg5 h6 9.Bh4 Na6
10.Nd2 Qe8 11.O-O Bd7 12.Bxf6 Bxf6 13.Bg4 Bg5 14.Bxd7 Qxd7 15.Nf3 Be7 16.Ne1 c6
17.Nd3 Nc7 18.Qa4 Rfd8 19.Rfd1 Qe8 20.Qb3 cxd5 21.Qxb7 d4 22.Nd5 Nxd5 23.Qxd5 Rdc8
24.b3 Qc6 25.Qxc6 Rxc6 26.Rdc1 f5 27.f3 Bg5 28.Rc2 a4 29.b4 Rac8 30.c5 dxc5
31.bxc5 fxe4 32.fxe4 Be7 33.Rac1 R6c7 34.Rc4 Kg7 35.Rxa4 Bxc5 36.Rac4 Bd6
37.Rxc7+ Rxc7 38.Rxc7+ Bxc7 39.Kf1 Kf6 40.Ke2 Ke6 41.Kd2 Kd6 42.Kc2 Kc6 43.Kb3 Kb5
44.a4+ Kc6 45.Kc4 Kb6 46.Nc5 Ka5 47.h3 Bb6 48.Nd7 Bc7 49.Nc5 Bb6 50.Nd3 Bc7
51.Kb3 Kb6 52.Ne1 Bd8 53.Nf3 Bf6 54.g4 g5 55.Nd2 Kc5 56.Nc4 Bg7 57.Nb2 Bf6
58.Nd3+ Kb6 59.Kb4 Be7+ 60.Kc4 Bf6 61.Nc5 Ka5 62.Kb3 Be7 63.Nd3 Bf6 64.Ne1 Bg7  1/2-1/2

[Event "Ano Liosia op"]
[Site "Athens"]
[Date "1998.01.10"]
[Round "8"]
[White "Vafiadis, Kleanthis"]
[Black "Grivas, Efstratios"]
[Result "1-0"]
[WhiteElo "2275"]
[BlackElo "2495"]

1.d4 Nf6 2.Nf3 g6 3.c4 Bg7 4.Nc3 O-O 5.e4 d6 6.Be2 Nbd7 7.O-O e5 8.dxe5 dxe5
9.Be3 c6 10.Nd2 Qe7 11.Nb3 Ne8 12.Qc2 Nc7 13.Rad1 Ne6 14.Bg4 Re8 15.Bxe6 Qxe6
16.Na4 Nf8 17.Rd2 Qe7 18.Rfd1 Ne6 19.Qc1 h5 20.f3 h4 21.Nac5 Nf4 22.Nd3 Ne6
23.Ndc5 Nd4 24.Na4 Qb4 25.Nac5 h3 26.Rxd4 exd4 27.Bd2 Qb6 28.Ba5 hxg2 29.Bxb6 axb6
30.Nd3 Rxa2 31.Kxg2 c5 32.Qf4 Be6 33.Nbc1 Ra1 34.b3 Rc8 35.Rd2 b5 36.cxb5 c4
37.bxc4 Rxc4 38.Nb3 Rb1 39.Ndc5 Bc8 40.Qb8 Bf8 41.Ra2 Bxc5 42.Qxc8+ Bf8 43.Qxc4  1-0

[Event "CZE-chT 9798"]
[Site "CZE"]
[Date "1998.01.17"]
[Round "5"]
[White "Neumann, Peter"]
[Black "Svatos, Jan"]
[Result "1/2-1/2"]
[WhiteElo "2365"]
[BlackElo "2355"]

1.d4 Nf6 2.c4 g6 3.Nc3 Bg7 4.e4 d6 5.Nf3 O-O 6.Be2 e5 7.Be3 Nc6 8.d5 Ne7
9.Nd2 Nd7 10.b4 f5 11.f3 a5 12.a3 f4 13.Bf2 g5 14.c5 axb4 15.axb4 Rxa1 16.Qxa1 dxc5
17.bxc5 Nf6 18.Nc4 Ng6 19.Qa5 g4 20.Nb5 Nh5 21.Qxc7 Qg5 22.Nbd6 Nh4 23.Rg1 g3
24.hxg3 fxg3 25.Be3 Nf4 26.Kd2 Qf6 27.Bxf4 Qxf4+ 28.Kc2 Nxg2 29.Nxc8 Ne3+
30.Nxe3 Qxe3 31.Ne7+ Kh8 32.Rg2 Bh6 33.Nf5 Qc1+ 34.Kb3 Qb1+ 35.Kc3 Qc1+ 36.Kd3 Qb1+
37.Kc3 Qc1+  1/2-1/2

[Event "Hoogovens Blitz"]
[Site "Wijk aan Zee"]
[Date "1998.01.19"]
[Round "10"]
[White "Timman, Jan H"]
[Black "Shirov, Alexei"]
[Result "1-0"]
[WhiteElo "2635"]
[BlackElo "2710"]

1.c4 Nf6 2.Nc3 g6 3.e4 d6 4.d4 Bg7 5.Nf3 O-O 6.Be2 e5 7.d5 a5 8.Bg5 h6 9.Bh4 Na6
10.Nd2 Qe8 11.O-O Nh7 12.f3 Bd7 13.b3 f5 14.a3 f4 15.Rb1 g5 16.Bf2 h5 17.b4 axb4
18.axb4 Qg6 19.c5 g4 20.c6 Bc8 21.cxb7 Bxb7 22.fxg4 f3 23.Bxf3 Ng5 24.gxh5 Nxf3+
25.Nxf3 Qxh5 26.Nh4 Qxd1 27.Rfxd1 Bc8 28.h3 Bh6 29.g4 Rb8 30.Nf5 Bf4 31.Ne7+ Kg7
32.Nxc8 Rfxc8 33.b5 Nc5 34.Kg2 Nd7 35.Ra1 Ra8 36.Ra6 Nc5 37.Bxc5 dxc5 38.d6 cxd6
39.Rdxd6 Rd8 40.Rxd8 Rxd8 41.Nd5 c4 42.Rc6 Ra8 43.Nxf4 Ra2+ 44.Kf1 exf4 45.Rxc4 Kf6
46.Rc5 Ra4 47.Rf5+ Ke6 48.Rxf4 Ke5 49.Rf5+ Kxe4 50.Kg2  1-0

[Event "Anibal op 5th"]
[Site "Linares"]
[Date "1998.01.20"]
[Round "1"]
[White "Savchenko, Stanislav"]
[Black "Peralta, Fernando"]
[Result "1-0"]
[WhiteElo "2595"]
[BlackElo "2360"]

1.Nf3 g6 2.d4 Nf6 3.c4 Bg7 4.Nc3 O-O 5.e4 d6 6.Be2 e5 7.O-O exd4 8.Nxd4 Re8
9.f3 Nc6 10.Be3 Nh5 11.Qd2 f5 12.Nxc6 bxc6 13.exf5 Rb8 14.b3 Bxf5 15.Bd4 Bxd4+
16.Qxd4 c5 17.Qd2 Qf6 18.Rfd1 Nf4 19.Bf1 Ne6 20.Rac1 Nd4 21.Nb5 Nxb5 22.cxb5 Re7
23.Qa5 Ra8 24.b4 cxb4 25.Rxc7 d5 26.b6 Kf8 27.b7 Rae8 28.Qxb4  1-0

[Event "Ubeda op"]
[Site "Ubeda"]
[Date "1998.01.20"]
[Round "1"]
[White "Epishin, Vladimir"]
[Black "Peralta, Fernando"]
[Result "1-0"]
[WhiteElo "2590"]
[BlackElo "2360"]

1.d4 g6 2.e4 Bg7 3.c4 d6 4.Nf3 Nf6 5.Nc3 O-O 6.Be2 e5 7.O-O exd4 8.Nxd4 Re8
9.f3 Nc6 10.Be3 Nh5 11.Nc2 f5 12.Qd2 fxe4 13.fxe4 Ne5 14.Bg5 Bf6 15.Rxf6 Nxf6
16.Qf4 Rf8 17.Qh4 c6 18.c5 Bg4 19.Rf1 Bxe2 20.Nxe2 Ned7 21.cxd6 Qb6+ 22.Ned4 Nh5
23.Rd1 Rf7 24.Ne3 Re8 25.Ng4 Kg7 26.Qe1 Nf4 27.Bh6+ Kg8 28.g3 Nd5 29.e5 Rf5
30.e6 Qc5 31.b4 Qxd6 32.Nxf5 gxf5 33.Qc3 Nxc3 34.Rxd6 Ne4 35.exd7 Nxd6 36.Nf6+  1-0

[Event "Anibal op 5th"]
[Site "Linares"]
[Date "1998.01.22"]
[Round "3"]
[White "Kruppa, Yuri"]
[Black "Dumitrescu, Dragos"]
[Result "1-0"]
[WhiteElo "2540"]
[BlackElo "2400"]

1.d4 Nf6 2.c4 g6 3.Nc3 Bg7 4.e4 d6 5.Be2 O-O 6.Nf3 e5 7.Be3 h6 8.O-O exd4
9.Nxd4 Re8 10.f3 Nbd7 11.Qd2 Kh7 12.Rfd1 a6 13.Bf1 Ne5 14.b3 Bd7 15.Rac1 Nc6
16.Nde2 Rb8 17.c5 dxc5 18.Bxc5 Be6 19.Qe1 Qc8 20.Nf4 b6 21.Be3 Ne5 22.Qe2 b5
23.Qf2 Qb7 24.Nxe6 Rxe6 25.h3 g5 26.Ne2 Nc6 27.Ng3 Rd8 28.Rxd8 Nxd8 29.Nf5 Bf8
30.Bd3 Nc6 31.Bb1 Ne5 32.h4 gxh4 33.Qxh4 Nfd7 34.Qh3 c5 35.f4 Ng6 36.e5 Kg8
37.Rd1  1-0

[Event "Anibal op 5th"]
[Site "Linares"]
[Date "1998.01.28"]
[Round "9"]
[White "Kruppa, Yuri"]
[Black "Al Modiahki, Mohamad"]
[Result "0-1"]
[WhiteElo "2540"]
[BlackElo "2425"]

1.d4 Nf6 2.c4 g6 3.Nc3 Bg7 4.e4 d6 5.Be2 O-O 6.Nf3 e5 7.Be3 Ng4 8.Bg5 f6
9.Bh4 g5 10.Bg3 Nh6 11.h3 exd4 12.Nxd4 Nc6 13.f3 f5 14.Bf2 fxe4 15.Nxe4 Nf5
16.Nxf5 Bxf5 17.Nc3 Be5 18.Qd2 Qf6 19.Nd5 Qg7 20.O-O-O a5 21.c5 dxc5 22.Bxc5 Rfd8
23.Bc4 Kh8 24.Qf2 b6 25.Be3 a4 26.f4 gxf4 27.Nxf4 a3 28.bxa3 Bxf4  0-1

[Event "Oberliga Wuert9798"]
[Site "Wuerttemberg"]
[Date "1998.02.01"]
[Round "7"]
[White "Berezovsky, Igor"]
[Black "Gazik, Igor"]
[Result "1/2-1/2"]
[WhiteElo "2370"]
[BlackElo "2395"]

1.d4 Nf6 2.c4 g6 3.Nc3 Bg7 4.e4 d6 5.Nf3 O-O 6.Be2 e5 7.O-O Nbd7 8.Be3 c6
9.Ne1 Qe7 10.d5 Nc5 11.Bf3 a5 12.a3 Bd7 13.Nd3 Nxd3 14.Qxd3 a4 15.dxc6 bxc6
16.Rfd1 Rfb8 17.Rd2 Bf8 18.h3 Rb7 19.Bd1 c5 20.Nb5 Ne8 21.Nc3  1/2-1/2

[Event "Beersheba op"]
[Site "Beersheba"]
[Date "1998.02.06"]
[Round "2"]
[White "Golod, Vitali"]
[Black "Mittelman, Gur"]
[Result "1/2-1/2"]
[WhiteElo "2535"]
[BlackElo "2415"]

1.d4 Nf6 2.c4 g6 3.Nc3 Bg7 4.e4 d6 5.Be2 O-O 6.Nf3 e5 7.d5 a5 8.Bg5 h6 9.Bh4 Na6
10.Nd2 Qe8 11.O-O Bd7 12.Kh1 Nh7 13.Rb1 h5 14.f3 Bf6 15.Bf2 h4 16.b3 Bg5
17.a3 Qe7 18.b4 axb4 19.axb4 Nf6 20.c5 dxc5 21.Bxa6 cxb4 22.Bxb7 bxc3 23.Bxa8 cxd2
24.Bc6 Bxc6 25.dxc6 Nh5 26.Qe2 Rd8 27.Be3 Ng3+ 28.hxg3 hxg3 29.Ba7 Bf4 30.Rfd1 Rd4
31.Kg1 Qh4 32.Bxd4 exd4 33.Rb8+ Kg7 34.Qc4 Qh2+ 35.Kf1 Qh1+ 36.Ke2 Qxg2+
37.Kd3 Qxf3+ 38.Kc2 Qxe4+ 39.Kb2 g2 40.Qc5 Bd6 41.Qxd6 cxd6 42.c7 g1=Q 43.Rxg1 d1=Q
44.Rxd1 Qe2+ 45.Ka3 Qf3+ 46.Ka2 Qe2+ 47.Ka3  1/2-1/2

[Event "Calcutta Goodricke op"]
[Site "Calcutta"]
[Date "1998.02.06"]
[Round "1"]
[White "Soman, Satchidanand"]
[Black "Thipsay, Praveen Mahadeo"]
[Result "1/2-1/2"]
[WhiteElo "2320"]
[BlackElo "2515"]

1.d4 Nf6 2.c4 g6 3.Nc3 Bg7 4.e4 d6 5.Be2 O-O 6.Nf3 Na6 7.O-O e5 8.Re1 c6
9.Bf1 exd4 10.Nxd4 Ng4 11.h3 Qb6 12.hxg4 Qxd4 13.Be3 Qxd1 14.Raxd1 Bxg4 15.Rxd6 Rfe8
16.f3 Be6 17.Rd2 b6 18.Kf2 Nc5 19.Red1 Nb7 20.Bd4 Rad8  1/2-1/2

[Event "FRA-chT"]
[Site "FRA"]
[Date "1998.02.07"]
[Round "2"]
[White "Kallai, Gabor"]
[Black "Cramling, Pia"]
[Result "1/2-1/2"]
[WhiteElo "2470"]
[BlackElo "2535"]

1.d4 Nf6 2.Nf3 g6 3.c4 Bg7 4.Nc3 O-O 5.e4 d6 6.Be2 e5 7.O-O Na6 8.Re1 c6
9.Rb1 exd4 10.Nxd4 Re8 11.Bf3 h6 12.h3 Nh7 13.Nb3 Ng5 14.Bg4 Bxg4 15.Qxg4 Qc8
16.Qd1  1/2-1/2

[Event "AUT-chT2S 9798"]
[Site "Austria"]
[Date "1998.02.08"]
[Round "8"]
[White "Singer, Richard"]
[Black "Krebs, Johann"]
[Result "1/2-1/2"]
[WhiteElo "2160"]
[BlackElo "2125"]

1.d4 Nf6 2.c4 g6 3.Nc3 Bg7 4.e4 d6 5.Nf3 O-O 6.Be2 e5 7.d5 Nbd7 8.Nd2 Ne8
9.h4 f5 10.h5 Nef6 11.hxg6 hxg6 12.Nf3 Nc5 13.Bg5 Qe8 14.Bxf6 Bxf6 15.Qd2 Qe7
16.Qh6 Qg7 17.Nd2 Qxh6 18.Rxh6 Kg7 19.Rh2 a5 20.O-O-O Bd7 21.Rdh1 Rh8 22.Rxh8 Rxh8
23.Rxh8 Kxh8 24.Kc2 Kg7 25.Bf3 Bd8 26.Nb3 Nxb3 27.Kxb3 c6 28.Kc2 Bb6 29.Nd1 Kf6
30.g3 Bd4 31.b3 Ke7 32.Kd2 Kd8 33.Bg2 f4 34.Bf3 Kc7 35.Kd3 Bc5 36.dxc6 bxc6
37.Be2 Kb6 38.gxf4 exf4 39.f3 Kc7 40.Nc3 Kd8 41.Na4 Bf2 42.a3 Bc5 43.Nxc5 dxc5
44.Kc3 Ke7 45.b4 axb4+ 46.axb4 Kd6 47.b5 cxb5 48.cxb5 g5 49.Bc4 Kc7 50.e5 Be8
51.Bd3 Kb6 52.e6 Bh5 53.e7 Be8 54.Kc4 Bf7+ 55.Kc3 Be8 56.Bc4 Ka5 57.Kd3 Bg6+
58.Kd2 Be8 59.Kc3 Kb6 60.Bd3 Bf7  1/2-1/2

[Event "CZE-chT 9798"]
[Site "CZE"]
[Date "1998.02.08"]
[Round "7"]
[White "Banas, Jan"]
[Black "Pisk, Petr"]
[Result "1-0"]
[WhiteElo "2395"]
[BlackElo "2310"]

1.c4 Nf6 2.Nc3 g6 3.e4 d6 4.d4 Bg7 5.Be2 O-O 6.Nf3 e5 7.d5 a5 8.Bg5 Na6 9.Nd2 h6
10.Be3 Nh7 11.a3 f5 12.f3 h5 13.b4 Bd7 14.Rb1 axb4 15.axb4 Qe7 16.Qc2 Rf7
17.Nb5 Bxb5 18.cxb5 Nb8 19.O-O f4 20.Bf2 b6 21.Ra1 Rxa1 22.Rxa1 Bf6 23.Ra8 Qd8
24.Nc4 Nf8 25.Na5 Bh4 26.Bf1 Bxf2+ 27.Qxf2 bxa5 28.bxa5 Nfd7 29.g3 fxg3 30.Qxg3 Kh7
31.Bh3 Nb6 32.Be6 h4 33.Qg2 Rg7 34.axb6 cxb6 35.Qg4 Rc7 36.Kg2 Kh6 37.Kh3 g5
38.Qf5 Rg7 39.Ra2 Rg6 40.Ra7 g4+ 41.fxg4  1-0

[Event "Budapest FS02 IM"]
[Site "Budapest"]
[Date "1998.02.09"]
[Round "3"]
[White "Kerek, Csaba"]
[Black "Toth, Andras"]
[Result "1/2-1/2"]
[WhiteElo "2380"]
[BlackElo "2325"]

1.d4 Nf6 2.c4 g6 3.Nc3 Bg7 4.e4 d6 5.Nf3 O-O 6.Be2 e5 7.dxe5 dxe5 8.Qxd8 Rxd8
9.Bg5 c6 10.Nxe5 Re8 11.Rd1 Na6 12.Nf3 Bg4 13.h3 Bxf3 14.gxf3 Nc5 15.Be3 Ne6
16.f4 Rad8 17.e5 Rxd1+ 18.Kxd1 Nd7 19.Kc2 a5 20.Ne4 f6 21.Rd1 Re7 22.exf6 Nxf6
23.Nxf6+ Bxf6 24.Bg4 h5 25.Bf3 Ng7 26.Bc5 Rf7 27.Be4 Nf5 28.Bxf5 gxf5 29.Bd4 Bxd4
30.Rxd4 Re7 31.Kd2 Kf7 32.c5 h4 33.Ra4 Ke6 34.Rd4 Kf6 35.Ra4 Ke6 36.Rd4 Kf6
37.Rd6+ Re6 38.Rd7 Re4 39.Rxb7 Rxf4 40.Rb6 Rxf2+ 41.Ke3 Rh2 42.Kf4 Rf2+ 43.Ke3 Rh2  1/2-1/2